Database Management Systems (Record no. 255101)

MARC details
000 -LEADER
fixed length control field 00487nam a2200181Ia 4500
008 - FIXED-LENGTH DATA ELEMENTS--GENERAL INFORMATION
fixed length control field 191130s2009##################000#0#eng##
020 ## - INTERNATIONAL STANDARD BOOK NUMBER
ISBN 9788120326453
082 ## - DEWEY DECIMAL CLASSIFICATION NUMBER
Classification number 005.74068 RAJ
100 ## - MAIN ENTRY--AUTHOR NAME
Personal name Rajesh ,Narang
245 ## - TITLE STATEMENT
Title Database Management Systems
Statement of responsibility, etc Narang, Rajesh
260 ## - PUBLICATION, DISTRIBUTION, ETC. (IMPRINT)
Place of publication New Delhi
Name of publisher PHI Learning
Year of publication 2009
300 ## - PHYSICAL DESCRIPTION
Number of Pages 432p. ;
650 ## - SUBJECT ADDED ENTRY--TOPICAL TERM
Topical Term Database management
991 ## -
-- 429372
Holdings
Withdrawn status Lost status Damaged status Not for loan Home library Current library Shelving location Date acquired Full call number Accession Number Price effective from Koha item type
        Anna Centenary Library Anna Centenary Library 3RD FLOOR, A WING 13.10.2020 005.74068 RAJ 326312 13.10.2020 Books

Find us on the map